La peur est-elle efficace dans un contexte français de lutte contre les comportements tabagiques ? (notice n° 1587941)
[ vue normale ]
| 000 -LEADER | |
|---|---|
| fixed length control field | 01826cam a2200169 4500500 |
| 005 - DATE AND TIME OF LATEST TRANSACTION | |
| control field | 20251228061922.0 |
| 041 ## - LANGUAGE CODE | |
| Language code of text/sound track or separate title | fre |
| 042 ## - AUTHENTICATION CODE | |
| Authentication code | dc |
| 100 10 - MAIN ENTRY--PERSONAL NAME | |
| Personal name | Gallopel-Morvan, Karine |
| Relator term | author |
| 245 00 - TITLE STATEMENT | |
| Title | La peur est-elle efficace dans un contexte français de lutte contre les comportements tabagiques ? |
| 260 ## - PUBLICATION, DISTRIBUTION, ETC. | |
| Date of publication, distribution, etc. | 2005.<br/> |
| 500 ## - GENERAL NOTE | |
| General note | 99 |
| 520 ## - SUMMARY, ETC. | |
| Summary, etc. | Est-il pertinent de faire peur dans un contexte français de lutte contre le tabac ? Afin de traiter cette question, l’article commence par résumer les modèles théoriques de l’influence de la peur sur les réactions des consommateurs, avant de présenter une expérimentation menée sur 489 étudiants. Les conclusions de cette étude révèlent que la peur est efficace pour inciter des non-fumeurs à ne pas fumer et des fumeurs à diminuer leur consommation tabagique. En revanche, lorsqu’il s’agit de l’arrêt du tabac, un message phobique doit être accompagné d’un message de soutien qui rassure le fumeur quant à sa capacité à arrêter de fumer. |
| 520 ## - SUMMARY, ETC. | |
| Summary, etc. | Are fear-arousing messages effective in the French context of tobacco control ? To address this question, this paper reviews theoretical models of fear-arousing communication and then presents a field study conducted on 489 students. Conclusions reveal that fear-appeal ads are effective at comforting non smokers in their decision not to take up smoking and to motivate smokers to reduce their tobacco consumption. Results are less clearcut when it comes to quitting. The fied-study suggests that a programme including support and cessation aid must be offered to motivate smokers to quit. |
| 786 0# - DATA SOURCE ENTRY | |
| Note | Décisions Marketing | 37 | 1 | 2005-01-01 | p. 7-16 | 0779-7389 |
| 856 41 - ELECTRONIC LOCATION AND ACCESS | |
| Uniform Resource Identifier | <a href="https://shs.cairn.info/revue-decisions-marketing-2005-1-page-7?lang=fr&redirect-ssocas=7080">https://shs.cairn.info/revue-decisions-marketing-2005-1-page-7?lang=fr&redirect-ssocas=7080</a> |
Pas d'exemplaire disponible.




Réseaux sociaux